000 00266nam a2200109Ia 4500
008 230125s9999 xx 000 0 und d
082 _a954
_bKULA
100 _aKulkarni,Sudheendra
245 0 _aAugust Voice
260 _bMumbai;Observer research foundation
942 _cBK
999 _c445
_d445